000 00286nam a22001217a 4500
008 170623b xxu||||| |||| 00| 0 eng d
041 _aeng
080 _a94(7/8)
100 _a18
101 _aSHP
245 _aFORMATIVE IDEAS IN AMERICAN EDUCATION
_cTHAYER.V.T
942 _2udc
_cBK
999 _c19000
_d19000